Rappeurs jeunes #2 - Statistiques

Statistiques générales
  • Ce quiz a été pris 575 fois
  • Le résultat moyen est 10 sur 16
Statistiques - réponses
Par images Réponse % Correct
Niska
94%
Maes
90%
Koba LaD
89%
Hamza
88%
Gradur
80%
Da Uzi
71%
Leto
71%
MHD
69%
SCH
64%
Lacrim
55%
Freeze Corleone
44%
Naza
37%
SDM
37%
Nekfeu
36%
Eminem
15%
Alonzo
14%
Aucun quiz correspondant
Distribution des résultats
% des personnes avec chaque résultat
Percentile par nombre de réponses
Votre historique - résultats
Vous n’avez pas pris ce quiz